书目信息 |
| 题名: |
审计独立性问题研究
|
|
| 作者: | 贾成海 著 | |
| 分册: | ||
| 出版信息: | 北京 中国文史出版社 2014 |
|
| 页数: | 219页 | |
| 开本: | 24cm | |
| 丛书名: | ||
| 单 册: | ||
| 中图分类: | F239.22 | |
| 科图分类: | ||
| 主题词: | 审计--独立性--研究--中国 | |
| 电子资源: | ||
| ISBN: | 978-7-5034-4401-2 | |
| 000 | 01046nam0 2200241 450 | |
| 001 | 338641 | |
| 005 | 20150602095354.75 | |
| 010 | @a978-7-5034-4401-2@dCNY43.00 | |
| 100 | @a20140509d2014 em y0chiy50 ea | |
| 101 | 0 | @achi |
| 102 | @aCN@b110000 | |
| 105 | @ay z 000yy | |
| 106 | @ar | |
| 200 | 1 | @a审计独立性问题研究@Ashen ji du li xing wen ti yan jiu@d= Study on auditing independence issues@f贾成海著@zeng |
| 210 | @a北京@c中国文史出版社@d2014 | |
| 215 | @a219页@d24cm | |
| 330 | @a本书通过对众多审计独立性定义的归纳分析, 提出了审计独立性的概念不是静止的概念, 而是发展的概念;不是绝对的概念, 而是相对的概念。由于我国正处在市场经济转型时期, 审计独立性面临着前所未有的挑战, 本书在深入剖析我国国家审计、民间审计、内部审计等独立性现状的基础上, 提出了提高其独立性的可行性对策, 从而促进落实我国审计的目标。 | |
| 510 | 1 | @aStudy on auditing independence issues@zeng |
| 606 | 0 | @a审计@x独立性@x研究@y中国 |
| 690 | @aF239.22@v5 | |
| 701 | 0 | @a贾成海@Ajia cheng hai@4著 |
| 801 | 0 | @aCN@b卓展宏图@c20150525 |
| 905 | @dF239.22@e482@f4 | |
| 审计独立性问题研究= Study on auditing independence issues/贾成海著.-北京:中国文史出版社,2014 |
| 219页;24cm |
| ISBN 978-7-5034-4401-2:CNY43.00 |
| 本书通过对众多审计独立性定义的归纳分析, 提出了审计独立性的概念不是静止的概念, 而是发展的概念;不是绝对的概念, 而是相对的概念。由于我国正处在市场经济转型时期, 审计独立性面临着前所未有的挑战, 本书在深入剖析我国国家审计、民间审计、内部审计等独立性现状的基础上, 提出了提高其独立性的可行性对策, 从而促进落实我国审计的目标。 |
| ● |
| 相关链接 |
|
|
|
|
正题名:审计独立性问题研究
索取号:F239.22/482
 
预约/预借
| 序号 | 登录号 | 条形码 | 馆藏地/架位号 | 状态 | 备注 |
| 1 | 862994 | 208629947 | 第一样本阅览室/ [索取号:F239.22/482] | 在馆 | |
| 2 | 862995 | 208629956 | 第一借阅区/ [索取号:F239.22/482] | 在馆 | |
| 3 | 862996 | 208629965 | 第一借阅区/ [索取号:F239.22/482] | 在馆 | |
| 4 | 862997 | 208629974 | 密集书库-海洋学院/ [索取号:F239.22/482] | 在馆 |